Argentina National Basketball Team champion in Athens 2004 - Statistics

General Stats
  • This quiz has been taken 99 times
  • The average score is 5 of 13
Answer Stats
Number Player/Coach % Correct
5 Emanuel Ginóbili
99%
11 Luis Scola
93%
13 Andrés Nocioni
72%
14 Carlos Delfino
54%
7 Fabricio Oberto
49%
4 Juan Ignacio Sánchez
42%
Coach Rubén Magnano
25%
8 Walter Herrmann
23%
9 Gabriel Fernández
21%
6 Alejandro Montecchia
19%
12 Leonardo Gutiérrez
15%
10 Hugo Sconochini
12%
15 Rubén Wolkowiski
12%
No matching quizzes found
Score Distribution
Percent of People with Each Score
Percentile by Number Answered
Your Score History
You have not taken this quiz